[Event "Challenge"]
[Site "http://www.queenalice.com/game.php?id=59285"]
[Date "2006.3.24"]
[Round "-"]
[White "kathieD"]
[Black "Brandobras"]
[Result "0-1"]
[WhiteElo "830"]
[BlackElo "1510"]

1. d4 d5 2. Nf3 Nf6 3. e3 Nc6 4. c3 Bg4 5. Na3 e6 6. h3 Bxf3 7. gxf3 Bd6 8. b4
e5 9. f4 exf4 10. Nb5 fxe3 11. fxe3 Ne4 12. Nxd6+ Qxd6 13. Qd3 Qg3+ 14. Ke2 Qf2+
15. Kd1 Qf3+ 16. Ke1 Qxh1 17. b5 Ne7 18. Rb1 Ng3 19. c4 O-O 20. Ba3 Rfe8 21. Kf2
Nef5 22. Bg2 Rxe3 23. Qd2 Qxb1 24. Bc1 Re2+ 25. Qxe2 Nxe2 26. Bg5 Re8 27. Bxd5
Qxa2 28. Bxb7 Nexd4+ 29. Kf1 Ng3+ 30. Kg1 Re1# 0-1

[Event "Challenge"]
[Site "http://www.queenalice.com/game.php?id=59288"]
[Date "2006.3.24"]
[Round "-"]
[White "julie"]
[Black "Brandobras"]
[Result "0-1"]
[WhiteElo "1197"]
[BlackElo "1573"]

1. e4 c5 2. c3 d5 3. f3 Nf6 4. d4 c4 5. Qa4+ Bd7 6. Qb4 Nc6 7. Qxb7 e5 8. exd5
Nxd5 9. Qb5 Nf4 10. d5 Ne7 11. Qxc4 Nexd5 12. g3 Ne3 13. Bxe3 Ne6 14. Ne2 Be7
15. Nd2 O-O 16. Qe4 Ng5 17. Qxe5 Bc6 18. Bg2 f6 19. Qf5 Bd7 20. Qd3 Rb8 21. h4
Bb5 22. Qf5 Bd7 23. Qf4 Ne6 24. Qe4 Nc5 25. Qc4+ Ne6 26. Bxa7 Rxb2 27. h5 h6 28.
Rh4 Rxd2 29. f4 Rb2 30. f5 Qa5 31. Be3 Qxf5 32. Qa6 Bb5 33. Qxb5 Qxb5 34. Bf3
Ng5 35. Bg4 f5 36. Nd4 Qd3 37. Be2 Qxe3 38. Rh2 Qxg3+ 39. Rf2 Nh3 40. Bc4+ Kh8
41. Bf1 Qxf2+ 42. Kd1 Qxf1# 0-1

[Event "AUTO-OPEN-239"]
[Site "http://www.queenalice.com/game.php?id=59579"]
[Date "2006.3.26"]
[Round "1"]
[White "Brandobras"]
[Black "ifnick"]
[Result "1-0"]
[WhiteElo "1510"]
[BlackElo "1299"]

1. Nf3 g6 2. g3 a5 3. Bg2 Bg7 4. O-O Bf6 5. e3 Nh6 6. d4 Ra6 7. Nc3 b6 8. e4 Bb7
9. Bxh6 Rg8 10. Bg5 Bxg5 11. Nxg5 Rg7 12. d5 a4 13. b3 axb3 14. axb3 c6 15. Rxa6
Bxa6 16. Qd4 Rg8 17. Re1 1-0

[Event "AUTO-OPEN-239"]
[Site "http://www.queenalice.com/game.php?id=59580"]
[Date "2006.3.26"]
[Round "1"]
[White "ifnick"]
[Black "Brandobras"]
[Result "0-1"]
[WhiteElo "1299"]
[BlackElo "1548"]

1. e3 c5 2. Bc4 Nf6 3. Nc3 d5 4. Bb5+ Bd7 5. Ba4 Bxa4 6. Nxa4 e6 7. b3 Nbd7 8.
Bb2 b5 9. Nc3 b4 10. Nb5 a6 11. Na3 bxa3 12. Bxa3 Bd6 13. Nh3 O-O 14. g3 Nb6 15.
Ng5 Nbd7 16. Qe2 Ne4 0-1

[Event "AUTO-OPEN-239"]
[Site "http://www.queenalice.com/game.php?id=59581"]
[Date "2006.3.26"]
[Round "1"]
[White "Brandobras"]
[Black "diego2907"]
[Result "1-0"]
[WhiteElo "1265"]
[BlackElo "1602"]

1. Nf3 Nf6 2. g3 e6 3. Bg2 Bc5 4. O-O h6 5. e3 g5 6. d4 Bb6 7. Nc3 g4 8. Ne5 d6
9. Nc4 Nbd7 10. b4 h5 11. e4 h4 12. Bg5 h3 13. Bh1 Qe7 14. e5 dxe5 15. Nxe5 c6
16. Nxd7 Bxd7 17. Ne4 O-O-O 18. Bxf6 Qxb4 19. Bxh8 Rxh8 20. c3 Qe7 21. Nc5 Bxc5
22. dxc5 f5 23. Qd4 Rd8 24. Qb4 Be8 25. Qa5 a6 26. Rfd1 Bd7 27. Rab1 Kb8 28. Qb6
Bc8 29. Rxd8 1-0

[Event "AUTO-OPEN-239"]
[Site "http://www.queenalice.com/game.php?id=59583"]
[Date "2006.3.26"]
[Round "1"]
[White "Brandobras"]
[Black "Boeing"]
[Result "1-0"]
[WhiteElo "1537"]
[BlackElo "1897"]

1. Nf3 e6 2. g3 b5 3. Bg2 Bb7 4. O-O Nf6 5. Nc3 b4 6. Nb5 c5 7. b3 a6 8. Nc3
bxc3 9. dxc3 Ne4 10. Qd3 Qf6 11. Ng5 d5 12. Nxe4 dxe4 13. Bxe4 Bxe4 14. Qxe4 Ra7
15. b4 cxb4 16. Rb1 Qxc3 17. Bb2 Qc6 18. Qd4 Rd7 19. Qf4 Bd6 20. Qe3 O-O 21.
Bxg7 Kxg7 22. Rxb4 f6 23. Rg4+ Kf7 24. Qh6 Ke8 25. Rc1 Ba3 26. Rb1 a5 27. Rxb8+
Rd8 28. Qh5+ Ke7 29. Rb7+ Rd7 30. Rg7+ Kd6 31. Rbxd7+ Qxd7 32. Rxd7+ Kxd7 33.
Qxh7+ Kc6 34. Qe4+ Kb6 35. Qxe6+ Kb7 36. Qb3+ Bb4 37. a3 Ka7 38. axb4 Rb8 39.
Qa4 Rb6 40. bxa5 Rb1+ 41. Kg2 1-0

[Event "AUTO-OPEN-239"]
[Site "http://www.queenalice.com/game.php?id=59584"]
[Date "2006.3.26"]
[Round "1"]
[White "Boeing"]
[Black "Brandobras"]
[Result "0-1"]
[WhiteElo "1937"]
[BlackElo "1537"]

1. e4 c5 2. Bc4 e6 3. d3 Nc6 4. c3 Nf6 5. Bg5 Be7 6. e5 Nxe5 7. Nf3 Nxc4 8. dxc4
h6 9. Bxf6 Bxf6 10. O-O O-O 11. Na3 Qb6 12. Nb5 d5 13. b3 a6 14. Na3 Bxc3 15.
Rb1 d4 16. Ne5 f6 17. Ng6 Re8 18. Qf3 e5 19. h3 e4 20. Qh5 Be6 21. Nf4 Bf7 22.
Qg4 Qa5 23. Nc2 Qxa2 24. Nd5 Bxd5 25. cxd5 Qxc2 26. d6 Rad8 27. d7 Re7 28. Qf5
Re5 29. Qg4 h5 30. Qg6 Rxd7 31. f4 Ree7 32. Qxh5 e3 33. Rbc1 Qxb3 34. Qxc5 e2
35. Rfe1 Bxe1 36. Rxe1 d3 37. Qc8+ Kf7 0-1

[Event "Challenge"]
[Site "http://www.queenalice.com/game.php?id=63878"]
[Date "2006.4.17"]
[Round "-"]
[White "Petita39"]
[Black "Brandobras"]
[Result "1/2-1/2"]
[WhiteElo "1288"]
[BlackElo "1568"]

1. d4 d5 2. c4 dxc4 3. e3 e5 4. Bxc4 exd4 5. exd4 Nf6 6. Nf3 Bd6 7. O-O O-O 8.
Nc3 Be6 9. Bd3 Bg4 10. Bg5 Nc6 11. Be4 Bxf3 12. Bxf3 h6 13. Be3 Re8 14. Bxc6
bxc6 15. Rc1 Nd5 16. Qf3 Qh4 17. h3 Rad8 18. Kh1 Rb8 19. b3 Qf6 20. Qg4 Re6 21.
Ne4 Qe7 22. Nxd6 Qxd6 23. Rfe1 Rbe8 24. Bd2 Nf6 25. Rxe6 Rxe6 26. Qf3 Ne4 27.
Be3 Qd5 28. Kg1 g5 29. Qd1 f5 30. Rc2 f4 31. Bc1 Qa5 32. a3 Qd5 33. b4 a5 34.
bxa5 Qxa5 35. Bb2 Kf7 36. Re2 Qb5 37. Qe1 Qf5 38. f3 Nd6 39. Rxe6 Qxe6 40. Qxe6+
Kxe6 41. a4 Nb7 42. g3 1/2-1/2

[Event "Challenge"]
[Site "http://www.queenalice.com/game.php?id=66098"]
[Date "2006.4.30"]
[Round "-"]
[White "valerie973"]
[Black "Brandobras"]
[Result "1/2-1/2"]
[WhiteElo "1507"]
[BlackElo "1577"]

1. d4 d5 2. Nc3 Nf6 3. Bf4 e6 4. Nf3 Bd6 5. Be5 Ng4 6. e3 Nc6 7. Bb5 Bd7 8. Qe2
O-O 9. h4 Ncxe5 10. Nxe5 Nxe5 11. dxe5 Bxe5 12. O-O-O a6 13. Bxd7 Qxd7 14. e4
Bxc3 15. bxc3 Qa4 16. Kb2 dxe4 17. Ka1 Rad8 18. h5 f5 19. Rd4 Rxd4 20. cxd4
Qxd4+ 21. Kb1 b5 22. f3 c5 23. f4 e5 24. Rd1 Qb4+ 25. Kc1 Qa3+ 26. Kb1 exf4 27.
Qd2 f3 28. Qd5+ Rf7 29. h6 fxg2 30. hxg7 Kxg7 31. Rg1 Qg3 32. Qxc5 f4 33. Qe5+
Rf6 34. Rd1 g1=Q 35. Rxg1 Qxg1+ 36. Kb2 Qe3 37. Qg5+ Rg6 38. Qe7+ Kh6 39. Qh4+
Kg7 40. Qe7+ Kg8 41. Qe8+ Kg7 42. Qe7+ Kh6 43. Qh4+ Kg7 1/2-1/2

[Event "AUTO-OPEN-239"]
[Site "http://www.queenalice.com/game.php?id=98947"]
[Date "2006.8.24"]
[Round "2"]
[White "plutochess"]
[Black "Brandobras"]
[Result "1-0"]
[WhiteElo "1679"]
[BlackElo "1606"]

1. e4 c5 2. d3 Nc6 3. Nf3 e5 4. Be2 Nf6 5. O-O Bd6 6. Bg5 Be7 7. Nc3 d6 8. Bxf6
Bxf6 9. Nd5 O-O 10. c3 Be6 11. Ne3 h6 12. Rb1 Bxa2 13. Ra1 Be6 14. c4 a5 15. Qb3
Qd7 16. Rfd1 a4 17. Rxa4 Nd4 18. Nxd4 1-0

[Event "AUTO-OPEN-239"]
[Site "http://www.queenalice.com/game.php?id=98948"]
[Date "2006.8.24"]
[Round "2"]
[White "Brandobras"]
[Black "plutochess"]
[Result "0-1"]
[WhiteElo "1583"]
[BlackElo "1692"]

1. Nf3 Nc6 2. g3 e5 3. Bg2 d5 4. O-O e4 5. Nh4 g5 6. Nf3 exf3 7. Bxf3 Bh3 8. Re1
g4 9. Bh1 Qf6 10. Nc3 O-O-O 11. Nxd5 Qg5 12. d4 Qh5 13. e4 Bg7 14. Nf4 Qa5 15.
Nxh3 gxh3 16. Bd2 Qb6 17. Qg4+ Kb8 0-1

[Event "AUTO-OPEN-239"]
[Site "http://www.queenalice.com/game.php?id=98953"]
[Date "2006.8.24"]
[Round "2"]
[White "Brandobras"]
[Black "Stulzer"]
[Result "0-1"]
[WhiteElo "1606"]
[BlackElo "2089"]

1. Nf3 d6 2. g3 Nf6 3. Bg2 c6 4. O-O e5 5. d3 Be7 6. Nc3 O-O 7. d4 e4 8. Nd2 d5
9. f3 exf3 10. Nxf3 Bg4 11. h3 Bh5 12. Nh4 Ne8 13. Nf5 Nd6 14. Nxd6 Bxd6 15. g4
Bg6 16. e4 dxe4 0-1

[Event "AUTO-OPEN-239"]
[Site "http://www.queenalice.com/game.php?id=98954"]
[Date "2006.8.24"]
[Round "2"]
[White "Stulzer"]
[Black "Brandobras"]
[Result "1-0"]
[WhiteElo "2087"]
[BlackElo "1606"]

1. e4 c5 2. Nf3 Nc6 3. d4 b6 4. d5 Na5 5. Be2 Nf6 6. e5 Ng4 7. h3 Nh6 8. Bxh6
gxh6 9. d6 exd6 10. exd6 Bxd6 11. Qxd6 Rg8 12. Nc3 Rg6 13. Qe5+ Kf8 14. Qh8+ Rg8
15. Qxh7 Qf6 16. O-O-O Bb7 17. Rxd7 Qg6 18. Qxg6 Rxg6 19. Ne5 1-0

[Event "AUTO-INT-786"]
[Site "http://www.queenalice.com/game.php?id=351063"]
[Date "2008.2.9"]
[Round "1"]
[White "Brandobras"]
[Black "Beatryz"]
[Result "0-1"]
[WhiteElo "1563"]
[BlackElo "1622"]

1. Nf3 d5 2. g3 Nc6 3. Bg2 e5 4. d3 Nf6 5. Nc3 Be6 6. O-O Bd6 7. Bg5 h6 8. Bxf6
gxf6 9. e4 d4 10. Nd5 Bxd5 0-1

[Event "AUTO-INT-786"]
[Site "http://www.queenalice.com/game.php?id=351064"]
[Date "2008.2.9"]
[Round "1"]
[White "Beatryz"]
[Black "Brandobras"]
[Result "1-0"]
[WhiteElo "1636"]
[BlackElo "1542"]

1. d4 d5 2. c4 Nf6 3. c5 Nc6 4. e3 Bf5 5. Bb5 e6 6. Nc3 a6 7. Bxc6+ bxc6 8. Nf3
Be7 9. O-O O-O 10. Ne5 Qe8 11. f4 1-0